| 000 | 00464cam a2200181ua 4500 | ||
|---|---|---|---|
| 020 | _c34.50 | ||
| 041 |
_aeng _h |
||
| 082 |
_a539.7 _bCOH/CO |
||
| 100 | _aCohen, Bernard L . | ||
| 245 |
_aConcepts of nuclear physics / _cBernard L Cohen. _hTextual Documents |
||
| 250 |
_a1 / _b. |
||
| 260 |
_aNew Delhi : _bTata Mc-Graw Hill Publishing Company , _c1979. |
||
| 300 | _a435 ; . | ||
| 365 | _a34.50 | ||
| 504 | _a | ||
| 942 | _cBK | ||
| 999 |
_c7554 _d7554 |
||